|
|
|
|
| LEADER |
00000nam a22000007a 4500 |
| 005 |
2019091804024.0 |
| 007 |
cr|||| |||| |
| 008 |
190918s2019 de |||||s|||| 00||0 deu d |
| 020 |
|
|
|a 9786202223478
|
| 035 |
|
|
|a 30141
|
| 040 |
|
|
|a vLex
|
| 090 |
|
|
|c 9552
|d 9552
|
| 100 |
1 |
|
|a Zhao, Jennifer
|
| 245 |
1 |
0 |
|a Ein Menschenrecht auf Freiheit im Internet?
|h [Recurso electrn̤ico] /
|c Jennifer Zhao
|
| 256 |
|
|
|a Servicio en ln̕ea
|
| 260 |
|
|
|a Berln̕:
|b AV Akademikerverlag,
|c 2019
|
| 300 |
|
|
|a 1 recurso electrn̤ico
|
| 500 |
|
|
|a Die vorliegende Arbeit untersucht die Verankerung eines universellen Menschenrechts auf Freiheit im Internet auf Grundlage der Menschenrechtscharta der Vereinten Nationen. Nach dem Konzept der dynamischen Natur der Menschenrechte sind die Meinungsfreiheit im Internet, das Recht auf Internetzugang sowie die Privatsphr̃e im Internet hinsichtlich deren menschenrechtlichen Grundlage, Schutzbereich sowie Schranke ausgearbeitet worden. Es hat sich gezeigt, dass diese Rechte zwar nicht als Menschenrechte sui generis zu verstehen sind, deren Schutz jedoch vom bereits bestehenden internationalen Menschenrechtsrahmen nach dem Grundsatz offline wie online im Lichte der essentiellen Bedeutung der digitalen Medien in der Informationsgesellschaft gewh̃rleistet wird.
|
| 506 |
1 |
|
|a Disponible solo en los productos indicados
|d vLex Global
|d vLex Global (Academic Edition, excluding Law Schools)
|d vLex Global (U.S. Academic Edition, Law Schools)
|d vLex Global (U.S. Academic Edition, excluding Law Schools)
|d vLex Global (Academic Edition, Law Schools)
|
| 650 |
0 |
4 |
|a Derecho Pb︢lico y Administrativo
|z Alemania
|
| 740 |
0 |
|
|a vLex Libros (Servicio en ln̕ea)
|
| 856 |
4 |
0 |
|u http://vlex.com/source/30141
|z Acceso restringido
|
| 942 |
|
|
|c BOOK
|
| 999 |
0 |
|
|a Public and Administrative Law
|